<The> 2020 Parliamentary Election In Slovakia

Parlamentné voľby 2020 sa na Slovensku uskutočnili 29. februára 2020. Očakávalo sa, že voľby prinesú zmenu po 2 vládach, ktorým dominovala strana Smer-sociálna demokracia (Smer-SD) bývalého premiéra Roberta Fica, ktorý bol v roku 2018 nútený odstúpiť po vražde novinára Jána Kuciaka a jeho snúbenice...

Descrizione completa

Salvato in:
Dettagli Bibliografici
Autore principale: Csányi, Peter, 1978-
Natura: Capitolo di libro
Lingua:inglese
Soggetti:
Tags: Aggiungi Tag
Nessun Tag, puoi essere il primo ad aggiungerne!!

MARC

LEADER 00000naa$a2200000$$$4500
001 0269416
005 20240502074225.1
041 0 |a eng 
044 |a SK 
245 1 0 |a <The> 2020 Parliamentary Election In Slovakia  |c Peter Csányi 
520 |a Parlamentné voľby 2020 sa na Slovensku uskutočnili 29. februára 2020. Očakávalo sa, že voľby prinesú zmenu po 2 vládach, ktorým dominovala strana Smer-sociálna demokracia (Smer-SD) bývalého premiéra Roberta Fica, ktorý bol v roku 2018 nútený odstúpiť po vražde novinára Jána Kuciaka a jeho snúbenice Martiny Kušnírovej. Vo všeobecných voľbách na Slovensku zvíťazila stredopravá strana Obyčajní ľudia a nezávislé osobnosti (OĽaNO), ktorej voliči reagovali na sľub strany presadiť protikorupčnú reformu po vražde novinára. 
610 2 0 |a Slovensko 
610 2 0 |a strany politické 
610 2 0 |a kampane volebné 
610 2 0 |a politika 
100 1 |a Csányi, Peter, 1978-